Online
Catalog

Cuentos en miniatura : (Record no. 34267)

MARC details
000 -CABECERA
campo de control de longitud fija 00587nam a2200181 a 4500
001 - NÚMERO DE CONTROL
campo de control 000034776
005 - FECHA Y HORA DE LA ÚLTIMA TRANSACCIÓN
campo de control 20200930073909.0
008 - DATOS DE LONGITUD FIJA--INFORMACIÓN GENERAL
campo de control de longitud fija 111019s1972 ag 000 j spa d
040 ## - FUENTE DE LA CATALOGACIÓN
Centro catalogador/agencia de origen DO-SdBNP
Lengua de catalogación spa
Centro/agencia transcriptor BNPHU
082 ## - NÚMERO DE LA CLASIFICACIÓN DECIMAL DEWEY
Número de clasificación xxxx
Número de documento/Ítem S692c
100 1# - ENTRADA PRINCIPAL--NOMBRE DE PERSONA
Nombre de persona Solyenitzin, Alenjandro
9 (RLIN) 60268
240 10 - TÍTULO UNIFORME
Título uniforme Kpoxothble paccka3bl
Lenguaje de la obra Alemán
245 #0 - MENCIÓN DE TÍTULO
Título Cuentos en miniatura :
Resto del título cuentos /
Mención de responsabilidad, etc. Alenjandro Solyenitzin ; traductor Irina Astrau.
260 ## - PUBLICACIÓN, DISTRIBUCIÓN, ETC.
Lugar de publicación, distribución, etc. Argentina, :
Nombre del editor, distribuidor, etc. Emecé Editores,
Fecha de publicación, distribución, etc. 1972.
300 ## - DESCRIPCIÓN FÍSICA
Extensión 179 p. ;
Dimensiones 18 p.
500 ## - NOTA GENERAL
Nota general Traducido del alemán.
700 12 - PUNTO DE ACCESO ADICIONAL--NOMBRE DE PERSONA
Nombre de persona Astrau, Irina,
Término indicativo de función/relación trad.
9 (RLIN) 46952
Holdings
Estado de retiro Estado de pérdida Restricciones de uso No para préstamo Código de colección Localización permanente Ubicación/localización actual Ubicación en estantería Fecha de adquisición Número de inventario Total de préstamos Signatura topográfica completa Código de barras Fecha visto por última vez Precio válido a partir de Tipo de ítem Koha Nota pública
      Excluido de préstamo Monografías: Libros y Folletos General General En catalogación 19.10.2011 LF1   xxxx S692c 34776-10 25.06.2020 25.06.2020 No se presta Perteneció a la biblioteca personal de Juan Isidro Jimenes Grullón

Powered by Koha